<?xml version="1.0" encoding="UTF-8"?>
<record
    xmlns:xsi="http://www.w3.org/2001/XMLSchema-instance"
    xsi:schemaLocation="http://www.loc.gov/MARC21/slim http://www.loc.gov/standards/marcxml/schema/MARC21slim.xsd"
    xmlns="http://www.loc.gov/MARC21/slim">

  <leader>04509njm a2200601Ia 4500</leader>
  <controlfield tag="001">23781</controlfield>
  <controlfield tag="003">IT-RoPAU</controlfield>
  <controlfield tag="005">20220918181122.0</controlfield>
  <controlfield tag="008">131025s9999    xx            000 0 und d</controlfield>
  <datafield tag="040" ind1=" " ind2=" ">
    <subfield code="a">IT-RoPAU</subfield>
  </datafield>
  <datafield tag="040" ind1=" " ind2=" ">
    <subfield code="c">IT-RoPAU</subfield>
  </datafield>
  <datafield tag="999" ind1=" " ind2=" ">
    <subfield code="c">99856</subfield>
    <subfield code="d">99856</subfield>
  </datafield>
  <datafield tag="999" ind1=" " ind2=" ">
    <subfield code="b">n.d.</subfield>
  </datafield>
  <datafield tag="100" ind1=" " ind2=" ">
    <subfield code="a">AA.VV.</subfield>
    <subfield code="9">794</subfield>
  </datafield>
  <datafield tag="100" ind1=" " ind2=" ">
    <subfield code="e">Autore musica</subfield>
    <subfield code="9">5811</subfield>
  </datafield>
  <datafield tag="100" ind1=" " ind2=" ">
    <subfield code="g">Codice autore musica SPICS: 12000</subfield>
    <subfield code="9">796</subfield>
  </datafield>
  <datafield tag="245" ind1=" " ind2=" ">
    <subfield code="a">Antologia classico-leggera vol.1 (Lp Fontana 6736 007)</subfield>
  </datafield>
  <datafield tag="250" ind1=" " ind2=" ">
    <subfield code="a">1a ed.</subfield>
  </datafield>
  <datafield tag="260" ind1=" " ind2=" ">
    <subfield code="a">ITALIA</subfield>
  </datafield>
  <datafield tag="260" ind1=" " ind2=" ">
    <subfield code="b">FONTANA RECORD</subfield>
    <subfield code="c">1970 [1a Ed.:1970]</subfield>
  </datafield>
  <datafield tag="300" ind1=" " ind2=" ">
    <subfield code="a">DISCO</subfield>
  </datafield>
  <datafield tag="500" ind1=" " ind2=" ">
    <subfield code="a">Musica classica e leggera.</subfield>
  </datafield>
  <datafield tag="505" ind1=" " ind2=" ">
    <subfield code="a">Toccata e fuga in re minore, Bwv 565 - Serenata dal quartetto in fa magg per archi op 3 N 5 (Haydn) - La dama bianca: ouverture (Boildieu) - Cantilena dalla sonata N 11 in re min op 148 (Rheinberger) - Canone e Giga in re maggiore (Pachelbel) - Danza degli spiriti beati da Orfeo ed Euridice (Gluck) - Aria della suite N 3 in re magg BWV 1068 - Ombra mai fu (Largo) dall'opera Serse (Handel) - Jesus Bleibet meine Freude dalla cantata N 147 - Ave verum corpus K 618 (Mozart)  - Romanza N 2 in fa magg per violino e orchestra op 50 - Melodia in fa magg op 3 N 1 (Rubinstein) - Danza degli zoccoletti dall'opera Zar e Carpentiere - Ave Maria op 52 N 6 D 839 (Schubert) - Rapsodia ungherese N 5 in mi minore (Liszt) - Panis angelicus (Franck)</subfield>
  </datafield>
  <datafield tag="511" ind1=" " ind2=" ">
    <subfield code="a">Simon C. Jansen, organo</subfield>
  </datafield>
  <datafield tag="511" ind1=" " ind2=" ">
    <subfield code="a">Orchestra Pro Arte di Monaco diretta da Redel Kurt</subfield>
  </datafield>
  <datafield tag="511" ind1=" " ind2=" ">
    <subfield code="a">Orchestra Sinfonica di Detroit diretta da Paray Paul</subfield>
  </datafield>
  <datafield tag="511" ind1=" " ind2=" ">
    <subfield code="a">Otto Hans: cembalo e l'Orchestra Filarmonica di Dresda diretti da Masur Kurt</subfield>
  </datafield>
  <datafield tag="511" ind1=" " ind2=" ">
    <subfield code="a">Orchestra Filarmonica di Dresda diretta da Kegel Herbert</subfield>
  </datafield>
  <datafield tag="511" ind1=" " ind2=" ">
    <subfield code="a">Kanson Leonard: cembalo e l'Orchestra Pro Arte di Monaco diretti da Redel Kurt</subfield>
  </datafield>
  <datafield tag="511" ind1=" " ind2=" ">
    <subfield code="a">Arno Schonstedt: organo e la Deutsche Bachsolisten diretti da Winshermann Helmut</subfield>
  </datafield>
  <datafield tag="511" ind1=" " ind2=" ">
    <subfield code="a">Coro della Rtv di Lipsia e Otto Hans all'organo diretti da Kegel Herbert</subfield>
  </datafield>
  <datafield tag="511" ind1=" " ind2=" ">
    <subfield code="a">Orchestra Filarmonica di Amsterdam e Verhey Emmy al violino diretti da Kersjes Anton</subfield>
  </datafield>
  <datafield tag="511" ind1=" " ind2=" ">
    <subfield code="a">Orchestra Sinfonica della Rtv di Lipsia diretta da Hanell Robert</subfield>
  </datafield>
  <datafield tag="511" ind1=" " ind2=" ">
    <subfield code="a">Orchestra Sinfonica della Rtv di Lipsia ed Ebert Elisabeth soprano diretti da Hanell Robert</subfield>
  </datafield>
  <datafield tag="511" ind1=" " ind2=" ">
    <subfield code="a">Orchestra Sinfonica di Londra diretta da Dorati Antal</subfield>
  </datafield>
  <datafield tag="511" ind1=" " ind2=" ">
    <subfield code="a">Grande Orchestra della Deutschlandsender e Orofino Ruggero tenore diretti da Hanell Robert</subfield>
  </datafield>
  <datafield tag="650" ind1=" " ind2=" ">
    <subfield code="a">CLASSICA [DISCHI]</subfield>
    <subfield code="e">Codice MATERIA SPICS: 9950</subfield>
    <subfield code="9">1157</subfield>
  </datafield>
  <datafield tag="700" ind1=" " ind2=" ">
    <subfield code="a">Bach Johann Sebastian</subfield>
    <subfield code="d">Codice autore musica SPICS: 9695</subfield>
    <subfield code="e">Autore musica</subfield>
    <subfield code="p">Toccata e fuga in re minore - Jesus Bleibet meine Freude dalla cantata N 147</subfield>
    <subfield code="9">5815</subfield>
  </datafield>
  <datafield tag="700" ind1=" " ind2=" ">
    <subfield code="a">Haydn Franz Joseph</subfield>
    <subfield code="d">Codice autore musica SPICS: 5572</subfield>
    <subfield code="e">Autore musica</subfield>
    <subfield code="p">Serenata dal quartetto in fa magg per archi op 3 N 5</subfield>
    <subfield code="9">5816</subfield>
  </datafield>
  <datafield tag="700" ind1=" " ind2=" ">
    <subfield code="a">Boieldieu Francois</subfield>
    <subfield code="d">Codice autore musica SPICS: 10769</subfield>
    <subfield code="e">Autore musica</subfield>
    <subfield code="p">La dama bianca: ouverture</subfield>
    <subfield code="9">5817</subfield>
  </datafield>
  <datafield tag="700" ind1=" " ind2=" ">
    <subfield code="a">Rheinberger Joseph</subfield>
    <subfield code="d">Codice autore musica SPICS: 13783</subfield>
    <subfield code="e">Autore musica</subfield>
    <subfield code="p">Cantilena dalla sonata N 11 in re min op 148</subfield>
    <subfield code="9">5818</subfield>
  </datafield>
  <datafield tag="700" ind1=" " ind2=" ">
    <subfield code="a">Pachelbel Johann</subfield>
    <subfield code="d">Codice autore musica SPICS: 13784</subfield>
    <subfield code="e">Autore musica</subfield>
    <subfield code="p">Canone e Giga in re maggiore</subfield>
    <subfield code="9">5819</subfield>
  </datafield>
  <datafield tag="700" ind1=" " ind2=" ">
    <subfield code="a">Gluck Christophe Willibald</subfield>
    <subfield code="d">Codice autore musica SPICS: 10452</subfield>
    <subfield code="e">Autore musica</subfield>
    <subfield code="p">Danza degli spiriti beati da Orfeo ed Euridice</subfield>
    <subfield code="9">5820</subfield>
  </datafield>
  <datafield tag="700" ind1=" " ind2=" ">
    <subfield code="a">Handel Georg Friedrich</subfield>
    <subfield code="d">Codice autore musica SPICS: 5619</subfield>
    <subfield code="e">Autore musica</subfield>
    <subfield code="p">Ombra mai fu (Largo) dall'opera Serse</subfield>
    <subfield code="9">5821</subfield>
  </datafield>
  <datafield tag="700" ind1=" " ind2=" ">
    <subfield code="a">Bach Johann Sebastian</subfield>
    <subfield code="d">Codice autore musica SPICS: 9695</subfield>
    <subfield code="e">Autore musica</subfield>
    <subfield code="p">Jesus Bleibet meine Freude dalla cantata N 147</subfield>
    <subfield code="9">5822</subfield>
  </datafield>
  <datafield tag="700" ind1=" " ind2=" ">
    <subfield code="a">Mozart Wolfgang Amadeus</subfield>
    <subfield code="d">Codice autore musica SPICS: 3486</subfield>
    <subfield code="e">Autore musica</subfield>
    <subfield code="p">Ave verum corpus K 618</subfield>
    <subfield code="9">5823</subfield>
  </datafield>
  <datafield tag="700" ind1=" " ind2=" ">
    <subfield code="a">Beethoven Ludwig Van</subfield>
    <subfield code="d">Codice autore musica SPICS: 10721</subfield>
    <subfield code="e">Autore musica</subfield>
    <subfield code="p">Romanza N 2 in fa magg per violino e orchestra op 50</subfield>
    <subfield code="9">5824</subfield>
  </datafield>
  <datafield tag="700" ind1=" " ind2=" ">
    <subfield code="a">Rubinstein Anton</subfield>
    <subfield code="d">Codice autore musica SPICS: 13785</subfield>
    <subfield code="e">Autore musica</subfield>
    <subfield code="p">Melodia in fa magg op 3 N 1</subfield>
    <subfield code="9">5825</subfield>
  </datafield>
  <datafield tag="700" ind1=" " ind2=" ">
    <subfield code="a">Lortzing Albert</subfield>
    <subfield code="d">Codice autore musica SPICS: 13786</subfield>
    <subfield code="e">Autore musica</subfield>
    <subfield code="p">Danza degli zoccoletti dall'opera Zar e Carpentiere</subfield>
    <subfield code="9">5826</subfield>
  </datafield>
  <datafield tag="700" ind1=" " ind2=" ">
    <subfield code="a">Schubert Franz</subfield>
    <subfield code="d">Codice autore musica SPICS: 10690</subfield>
    <subfield code="e">Autore musica</subfield>
    <subfield code="p">Ave Maria op 52 N 6 D 839</subfield>
    <subfield code="9">5827</subfield>
  </datafield>
  <datafield tag="700" ind1=" " ind2=" ">
    <subfield code="a">Liszt Franz</subfield>
    <subfield code="d">Codice autore musica SPICS: 10789</subfield>
    <subfield code="e">Autore musica</subfield>
    <subfield code="p">Rapsodia ungherese N 5 in mi minore</subfield>
    <subfield code="9">5828</subfield>
  </datafield>
  <datafield tag="700" ind1=" " ind2=" ">
    <subfield code="a">Franck Cesar</subfield>
    <subfield code="d">Codice autore musica SPICS: 11500</subfield>
    <subfield code="e">Autore musica</subfield>
    <subfield code="p">Panis angelicus</subfield>
    <subfield code="9">5829</subfield>
  </datafield>
  <datafield tag="942" ind1=" " ind2=" ">
    <subfield code="c">MD</subfield>
    <subfield code="2">ddc</subfield>
  </datafield>
  <datafield tag="952" ind1=" " ind2=" ">
    <subfield code="0">0</subfield>
    <subfield code="1">0</subfield>
    <subfield code="4">0</subfield>
    <subfield code="6">23781_000000000000000</subfield>
    <subfield code="7">1</subfield>
    <subfield code="a">SPICS</subfield>
    <subfield code="b">SPICS</subfield>
    <subfield code="d">2013-10-25</subfield>
    <subfield code="l">0</subfield>
    <subfield code="o">23781</subfield>
    <subfield code="r">2013-10-25 00:00:00</subfield>
    <subfield code="w">2013-10-25</subfield>
    <subfield code="y">MD</subfield>
    <subfield code="z">Progr. Ins.: 4628 / N.Vol.: 2 / Copie: 1 - Copia rara: n.d. / date import: 01.01.2014 - By Epidotti, Trombetti, Vaglietti</subfield>
  </datafield>
</record>
